| 000 | 00821nam a2200205Ii 4500 | ||
|---|---|---|---|
| 003 | JO-AjNU | ||
| 008 | 230605s9999||||xx |||||||||||||| ||und|| | ||
| 040 |
_aJO-AjNU _bara _erda _cJO-AjNU |
||
| 041 | _aara | ||
| 050 | 1 | 4 | _aK3240.4.2009 |
| 100 | 3 |
_a عتلم ، شريف ، غازي ، خالد , _eauthor _940868 |
|
| 245 | 0 | 0 | _aدليل تدريب القضاة على أحكام القانون الدولي الإنساني |
| 250 | _aط1 | ||
| 264 | 3 | 1 | _aعمان : اللجنة الدولية للصليب الأحمر ،2009 |
| 300 | _a168ص | ||
| 336 |
_atext _btxt _2rdacontent |
||
| 337 |
_aunmediated _bn _2rdamedia |
||
| 338 |
_avolume _bnc _2rdacarrier |
||
| 650 | 4 |
_aالقانون الدولي الانساني -- تطوير -- اللجنة الدولية للصليب الاحمر -- تاريخ _940869 |
|
| 999 |
_aA17378 _c20946 _d20946 |
||